000 00561nam a2200169Ia 4500
003 GCL
008 140319s9999 xx 000 0 ara d
040 _aGCL /
_cGCL
082 0 4 _a621.381954
_bم ص
100 1 _aمجدى محمد ابوالعطا
245 1 0 _aصيانة الحاسبات وتطويرها /
_cمجدى محمد ابوالعطا
300 _a365 ص
490 _aتيسير علوم الحاسب
_v0
650 0 4 _aالحاسبات الالكترونية
650 0 4 _aالحاسبات الالكترونية - صيانة
942 _2ddc
_cBK
999 _c48179
_d48179